000 00845nam a2200229Ia 4500
001 9822
003 GE_BSU
008 181216s||||||||xx |||||||||||||| ||und||
040 _cGE_BSU
080 _a821.353.1
100 _aნინოშვილი,ეგნატე
245 _aთხზულებანი: ორ ტომად. ტ.2
245 _cრედ.:გ.ჯიბლაძე,შ.რადიანი,რ.გვეტაძე
260 _aთბილისი
260 _bსაბჭ.მწერალი
260 _c1950
300 _a387გვ.2ფ.პორტრ.
300 _eბიბლიოგრ. გვ.372-384
520 _aბიბლიოგრაფია ეგნატე ნინოშვილის შესახებ
653 _aთხზულებანი
942 _cBK
999 _c43101
_d43101